|
|
|
|
| LEADER |
00000nab a22000001a 4500 |
| 001 |
vtls008997156 |
| 003 |
SK-MaSNL |
| 005 |
20260303065800.0 |
| 008 |
070607d1932 xo |r|p|||| |000 b|slo |
| 015 |
|
|
|a SNBRRBVU1918-1938
|
| 038 |
|
|
|a SNKBUCL
|
| 038 |
|
|
|a SNKBUVU
|
| 040 |
|
|
|a SNKBUVU
|b slo
|c SNKBUCL
|e AACR2
|
| 041 |
0 |
|
|a slo
|
| 044 |
|
|
|a xo
|c SK
|
| 080 |
|
|
|a 75.051:75.021.32
|2 1997
|
| 080 |
|
|
|a 75.021.32
|2 1997
|
| 100 |
1 |
|
|a Carrà, Carlo
|d 1881-1966
|4 aut
|9 1066302
|
| 245 |
1 |
0 |
|a Opustený dom
|c Carlo Carrà
|
| 500 |
|
|
|a Carrà, Carlo - tal. maliar (11.2.1881 Quargniento v Piemonte - 13.4.1966 Miláno)
|
| 650 |
0 |
7 |
|a talianske maliarstvo
|2 MM
|9 3126
|
| 650 |
0 |
7 |
|a maľby
|2 MM
|9 313520
|
| 655 |
|
7 |
|a reprodukcie výtvarných diel
|2 MM
|9 310790
|
| 773 |
0 |
|
|t Rozvoj
|g Roč. 11, č. 4 (1932/33), s. 88
|
| 852 |
|
|
|a SNK
|b KIS3GCP
|
| 910 |
|
|
|a snkrbvumm
|
| 958 |
|
|
|a VY
|
| 958 |
|
|
|a IT
|
| 999 |
|
|
|c 1752675
|d 1754605
|